Giáo trình luật áp dụng trong hoạt động kinh tế đối ngoại

Saved in:
Bibliographic Details
Format: Book
Language:Undetermined
Published: Tp. HCM Trường kinh tế đối ngoại 1990
Subjects:
Tags: Add Tag
No Tags, Be the first to tag this record!
Institutions: Trung tâm Học liệu Trường Đại học Cần Thơ
LEADER 00499nam a2200145Ia 4500
001 CTU_5907
008 210402s9999 xx 000 0 und d
082 |a 341.75 
082 |b Tr561 
245 0 |a Giáo trình luật áp dụng trong hoạt động kinh tế đối ngoại 
260 |a Tp. HCM 
260 |b Trường kinh tế đối ngoại 
260 |c 1990 
650 |a commercial law,international economic relations 
980 |a Trung tâm Học liệu Trường Đại học Cần Thơ